000
00255nam a2200097Ia 4500
008
120527s9999 xx 000 0 und d
100
_a
CUNNINGHAM,Steve.
245
_a
Computer graphics using object-orientated programming.
260
_b
Wiley.
942
_c
BK
999
_c
24027
_d
24027